Libro homenaje a Rafael Pizani

Saved in:
Bibliografiske detaljer
Institution som forfatter: Facultad de Ciencias Jurídicas y Políticas (Author)
Format: Bog
Sprog:spansk
Udgivet: Caracas Universidad Central de Venezuela 1979
Fag:
Tags: Tilføj Tag
Ingen Tags, Vær først til at tagge denne postø!

MARC

LEADER 00000nam a2200000 a 4500
001 UCT8827
003 CL-VaPUC
008 970326e19790000VE |||||||||||||||||spa|d
082 0 4 |a 340.094  |b FAC  |2 21 
110 2 |a Facultad de Ciencias Jurídicas y Políticas  |e author  |9 380943 
245 1 0 |a Libro homenaje a Rafael Pizani 
300 |a 545 p 
942 |c BK 
945 |d 19970326 00:00:00  |a paguirre 
260 |a Caracas  |b Universidad Central de Venezuela  |c 1979 
650 7 |a DERECHO  |2 CL-VaPUC  |9 380944 
650 0 |a Teoría del derecho  |9 255982 
650 0 |a Filosofía del derecho   |9 255050 
650 0 |a Ordenamiento jurídico   |9 355371 
650 0 |a Ciencias del derecho  |9 380726 
650 0 |a Libertad  |9 255686 
583 |a last modification  |c 19970326 00:00:00  |k Rodrigo Vera 
999 |c 257302  |d 257300 
952 |0 0  |1 0  |4 0  |6 340_094000000000000_FAC_1979  |7 0  |8 A  |9 280663  |a BIBDER  |b BIBDER  |d 2019-11-19  |i 1818139  |o 340.094 FAC 1979  |p 1818139  |r 2023-01-25  |w 2019-11-19  |y BK  |k DER